| 000 | 00362nam a2200133Ia 4500 | ||
|---|---|---|---|
| 008 | 221030s9999 xx 000 0 und d | ||
| 041 | _aEnglish | ||
| 100 | _aM. S. Mahajan | ||
| 245 | 0 |
_aIndustrial Engineering & Production Management _cby M. S. Mahajan |
|
| 260 |
_bDhanpat Rai Pub _aNew Delhi _c2014 |
||
| 300 | _a1084 | ||
| 650 | _aBB Management | ||
| 942 | _cBK | ||
| 999 |
_c15337 _d15337 |
||